The U.S. Congress and American Federalism (Record no. 8439)

000 -LEADER
fixed length control field 00399pab a2200145 454500
008 - FIXED-LENGTH DATA ELEMENTS--GENERAL INFORMATION
fixed length control field 180718b1989 xxu||||| |||| 00| 0 eng d
100 ## - MAIN ENTRY--PERSONAL NAME
Personal name Hero, Rodney E
245 ## - TITLE STATEMENT
Title The U.S. Congress and American Federalism
Remainder of title Are subnational governments protected
260 ## - PUBLICATION, DISTRIBUTION, ETC.
Date of publication, distribution, etc. 1989
300 ## - PHYSICAL DESCRIPTION
Extent 93-106
362 ## - DATES OF PUBLICATION AND/OR SEQUENTIAL DESIGNATION
Dates of publication and/or sequential designation Mar.
650 ## - SUBJECT ADDED ENTRY--TOPICAL TERM
Topical term or geographic name entry element Federalism - U.S.A.
773 ## - HOST ITEM ENTRY
Main entry heading Western Political Quarterly
909 ## -
-- 8439
Holdings
Withdrawn status Lost status Damaged status Not for loan Permanent Location Current Location Date acquired Serial Enumeration / chronology Barcode Date last seen Price effective from Koha item type
        Indian Institute of Public Administration Indian Institute of Public Administration 2018-07-19 Volume no: 42, Issue no: 1 AR8453 2018-07-19 2018-07-19 Articles

Powered by Koha